Реологические свойства растворов нефтеполимерных смол; Известия Томского политехнического университета [Известия ТПУ]; Т. 317, № 3: Химия

Bibliographische Detailangaben
Parent link:Известия Томского политехнического университета [Известия ТПУ]/ Томский политехнический университет (ТПУ).— , 2000-
Т. 317, № 3: Химия.— 2010.— [С. 167-169]
1. Verfasser: Троян А. А. Анна Алексеевна
Weitere Verfasser: Бондалетов В. Г. Владимир Григорьевич, Дмитриева З. Т.
Zusammenfassung:Заглавие с титульного листа
Электронная версия печатной публикации
Изучены зависимости динамической вязкости от напряжения сдвига вязкого течения углеводородных растворов нефтеполимерных смол, от градиента скорости деформации, температуры, способа синтеза. Определены эмпирическая связь между напряжением сдвига и скоростью изменения деформационного сдвига, константы, характеризующие последовательность структурирования и степень неньютоновского поведения растворов смол.
Sprache:Russisch
Veröffentlicht: 2010
Schriftenreihe:Химия
Schlagworte:
Online-Zugang:http://www.lib.tpu.ru/fulltext/v/Bulletin_TPU/2010/v317/i3/39.pdf
Format: MixedMaterials Elektronisch Buchkapitel
KOHA link:https://koha.lib.tpu.ru/cgi-bin/koha/opac-detail.pl?biblionumber=192384

MARC

LEADER 00000nla2a2200000 4500
001 192384
005 20240201134811.0
035 |a (RuTPU)RU\TPU\book\209780 
035 |a RU\TPU\book\209779 
090 |a 192384 
100 |a 20110224d2010 k y0rusy50 ca 
101 0 |a rus 
102 |a RU 
135 |a drnn ---uucaa 
181 0 |a i  
182 0 |a b 
200 1 |a Реологические свойства растворов нефтеполимерных смол  |f А. А. Троян, В. Г. Бондалетов, З. Т. Дмитриева 
203 |a Текст  |c электронный 
215 |a 1 файл (239 Кб) 
225 1 |a Химия 
300 |a Заглавие с титульного листа 
300 |a Электронная версия печатной публикации 
320 |a [Библиогр.: с. 169 (7 назв.)] 
330 |a Изучены зависимости динамической вязкости от напряжения сдвига вязкого течения углеводородных растворов нефтеполимерных смол, от градиента скорости деформации, температуры, способа синтеза. Определены эмпирическая связь между напряжением сдвига и скоростью изменения деформационного сдвига, константы, характеризующие последовательность структурирования и степень неньютоновского поведения растворов смол. 
337 |a Adobe Reader 
461 1 |0 (RuTPU)RU\TPU\book\176237  |t Известия Томского политехнического университета [Известия ТПУ]  |f Томский политехнический университет (ТПУ)  |d 2000- 
463 1 |0 (RuTPU)RU\TPU\book\209400  |x 1684-8519  |t Т. 317, № 3: Химия  |v [С. 167-169]  |d 2010  |p 205 с. 
610 1 |a нефтеполимерные смолы 
610 1 |a каталитическая полимеризация 
610 1 |a динамическая вязкость 
610 1 |a сдвиг 
610 1 |a скорость 
610 1 |a напряжение 
610 1 |a труды учёных ТПУ 
610 1 |a электронный ресурс 
700 1 |a Троян  |b А. А.  |c химик-органик  |c доцент Томского политехнического университета, кандидат химических наук  |f 1978-  |g Анна Алексеевна  |3 (RuTPU)RU\TPU\pers\25648  |9 11559 
701 1 |a Бондалетов  |b В. Г.  |c химик-технолог  |c профессор Томского политехнического университета, доктор технических наук  |f 1957-  |g Владимир Григорьевич  |3 (RuTPU)RU\TPU\pers\25605  |9 11534 
701 1 |a Дмитриева  |b З. Т. 
801 1 |a RU  |b 63413507  |c 20090623  |g PSBO 
801 2 |a RU  |b 63413507  |c 20211223  |g PSBO 
856 4 |u http://www.lib.tpu.ru/fulltext/v/Bulletin_TPU/2010/v317/i3/39.pdf 
942 |c CF